|
|
|
|
| LEADER |
01094nam a2200289 4500 |
| 001 |
35359 |
| 003 |
BD-DhAAL |
| 005 |
20211129160245.0 |
| 008 |
190915t1994 ii a 000 0 eng d |
| 999 |
|
|
|c 41241
|d 41241
|
| 010 |
|
|
|a 73905938
|
| 020 |
|
|
|a 9840512544
|
| 040 |
|
|
|a DLC
|c DLC
|d DLC
|d BD-DhAAL
|
| 043 |
|
|
|a a-bg---
|
| 050 |
0 |
0 |
|a DS395.5
|b .A44
|
| 082 |
0 |
0 |
|a 320.9549205
|
| 100 |
1 |
|
|a Ali, S. M.
|9 34562
|
| 245 |
1 |
0 |
|a After the dark night :
|b problems of Sheikh Mujibur Rahman /
|c S. M. Ali.
|
| 260 |
|
|
|a Dhaka :
|b University Press Limited,
|c c1994
|
| 300 |
|
|
|a xi, 204 pages :
|b illustrations ;
|c 23 cm.
|
| 526 |
|
|
|a BIED
|
| 541 |
|
|
|a Complimentary copy from BIED
|e 35359
|
| 651 |
|
0 |
|a Bangladesh
|x Politics and government
|y 1971-
|9 34563
|
| 651 |
|
0 |
|a Bangladesh
|x Economic conditions.
|9 34564
|
| 852 |
|
|
|a Ayesha Abed Library
|c BIED Collection
|
| 942 |
|
|
|2 ddc
|c BK
|
| 952 |
|
|
|0 0
|1 0
|2 ddc
|4 0
|6 320_954920500000000_ALI
|7 0
|9 66291
|a BRACUL
|b BRACUL
|c GEN
|d 2019-09-15
|e Complimentary copy from BIED
|l 0
|o 320.9549205 ALI
|p 3010035359
|r 2019-09-15
|t 1
|w 2019-09-15
|y BK
|x Transferred from BIED to General Stacks
|